000 00665nam a22002297a 4500
005 20170124110147.0
010 _a548406
020 _c15.00
035 _a548406
037 _bCen Lib/Ret
040 _aDPL
_bEN
082 _a181.41
_bDUB
100 _aDubey, S.P.
_933631
245 _aRudolf otto and hinduism /
_cby S.P. Dubey
260 _aVaransi
_bBhartiya Vidya Prakashan
_c1969
270 _bVaransi
_ap. box. 108, kachaurigali
300 _axii, 145p.
_c21cm(Hb)
500 _aIncludes bibliographical references and index
650 _aPhilosophy
_933632
650 _aHinduism
_933633
942 _2ddc
_cEN
_h181.41
_mDUB
999 _c132073
_d132073